INDUSTRIAL BIOTECHNOLOGY (Record no. 5952)

MARC details
000 -LEADER
fixed length control field 00376nam a22001577a 4500
005 - DATE AND TIME OF LATEST TRANSACTION
control field 20210827151341.0
008 - FIXED-LENGTH DATA ELEMENTS--GENERAL INFORMATION
fixed length control field 190606b xxu||||| |||| 00| 0 eng d
020 ## - INTERNATIONAL STANDARD BOOK NUMBER
ISBN 978-93-82448-98-3
041 ## - LANGUAGE CODE
Language code of text/sound track or separate title eng
100 ## - MAIN ENTRY--AUTHOR NAME
Personal name BANDELA, DR. N.N
245 ## - TITLE STATEMENT
Title INDUSTRIAL BIOTECHNOLOGY
250 ## - EDITION STATEMENT
Edition statement 3rd, Ed.
260 ## - PUBLICATION, DISTRIBUTION, ETC. (IMPRINT)
Place of publication PUNE
Name of publisher NIRALI PRAKASHAN
300 ## - PHYSICAL DESCRIPTION
Number of Pages B.3p,
942 ## - ADDED ENTRY ELEMENTS (KOHA)
Koha item type Books
Holdings
Lost status Damaged status Collection code Home library Current library Shelving location Date acquired Source of acquisition Cost, normal purchase price Accession Number Koha item type
    Reference JRU Library JRU Library SHELF-5-C 06/06/2019 PURCHESS 340.00 23015 Books
    PHARMACY JRU Library JRU Library Shelf - 22- C 06/06/2019 PURCHESS 340.00 23016 Books
    PHARMACY JRU Library JRU Library Shelf - 22- C 06/06/2019 PURCHESS 340.00 23017 Books